书目信息 |
| 题名: |
职业体育俱乐部运行机制
|
|
| 作者: | 张林 著 | |
| 分册: | ||
| 出版信息: | 北京 人民体育出版社 2001 |
|
| 页数: | 212页 | |
| 开本: | 21cm | |
| 丛书名: | ||
| 单 册: | ||
| 中图分类: | G812.17 | |
| 科图分类: | ||
| 主题词: | 职业体育--俱乐部--研究--中国 | |
| 电子资源: | ||
| ISBN: | 7-5009-2247-7 | |
| 000 | 00568nam0 2200193 45 | |
| 001 | 0405251662 | |
| 005 | 20040203230306.5 | |
| 010 | @a7-5009-2247-7@dCNY15.00 | |
| 100 | @a20040525d2001 km y0chiy0120 ea | |
| 101 | 0 | @achi |
| 105 | @a z 000yy | |
| 200 | 1 | @a职业体育俱乐部运行机制@AZhi Ye Ti Yu Ju Le Bu Yun Xing Ji Zhi@f张林著@FZhang Lin Zhu |
| 210 | @a北京@c人民体育出版社@d2001 | |
| 215 | @a212页@d21cm | |
| 606 | 0 | @a职业体育@x俱乐部@x研究@y中国 |
| 690 | @aG812.17@v4 | |
| 701 | 0 | @a张林@4著 |
| 801 | @aCN@bTSTC@c20040525 | |
| 905 | @b333761-765@dG812.17@e35@f5 | |
| 职业体育俱乐部运行机制/张林著.-北京:人民体育出版社,2001 |
| 212页;21cm |
| ISBN 7-5009-2247-7:CNY15.00 |
| ● |
| 相关链接 |
|
|
|
|
正题名:职业体育俱乐部运行机制
索取号:G812.17/35
 
预约/预借
| 序号 | 登录号 | 条形码 | 馆藏地/架位号 | 状态 | 备注 |
| 1 | 0333761 | 203337610 | 第四借阅区/ [索取号:G812.17/35] | 在馆 | |
| 2 | 0333762 | 203337629 | 第四借阅区/ [索取号:G812.17/35] | 在馆 | |
| 3 | 0333763 | 203337638 | 第四借阅区/ [索取号:G812.17/35] | 在馆 | |
| 4 | 0333764 | 203337647 | 第四借阅区/ [索取号:G812.17/35] | 在馆 | |
| 5 | 0333765 | 203337656 | 第一样本阅览室/ [索取号:G812.17/35] | 在馆 |